000 01094cab a2200217 4500
001 E2008
008 090401t1994 xxu||||| |||| 00| 0 eng d
035 _a(Sirsi) u36930
041 _aeng
245 _aBisset v Secretary of State for Scotland (No.2)
260 _c1994
350 _a0
490 _aScots Law Times
_v1994 SLT(Lands Tr) 21-23(3)
520 _aLands Tribunal for Scotland 12 April 1991. Expenses - award - tender - compulsory purchase compensation - award slightly less than sum tendered - acquiring authority in evidence supporting lower figure than awarded, omitting head of claim found justified - authority prepared to allow other sum disallowed by tribunal - whether special reasons for not finding claimant lilable in expenses - Land Compensation (Scotland) Act 1963 (c.51), s.11(1).
650 _aCOMPENSATION AWARD
650 _aLAND COMPENSATION (SCOTLAND) ACT 1963
650 _aLANDS TRIBUNAL FOR SCOTLAND
690 _aENVIRONMENTAL AND LAND CONSULTANCY-PLANNING AND DEVELOPMENT-COMPULSORY PURCHASE AND COMPENSATION
942 _n0
948 _c04/03/1997
999 _c23899
_d23899